000 00538nam a2200193Ia 4500
999 _c22498
_d22498
003 OSt
005 20200214101932.0
008 190216s9999||||xx |||||||||||||| ||und||
020 _a9788172049645
040 _coclc
082 _a297
_bJAM/A
100 _aJamal, P K
_91972
245 0 _aAthmasamskaranathinte Rajapatha /
_cP K Jamal
250 _a1st ed.
260 _bIslamic Publishing House,
_c2003.
_aKozhikode:
300 _a107p
650 _aIslamic History
942 _cBK
_2ddc
_h297
_iJAM/A
_k297
_mJAM/A